| 000 | 00322nam a2200133Ia 4500 | ||
|---|---|---|---|
| 008 | 230312s9999||||xx |||||||||||||| ||und|| | ||
| 082 |
_a617.7 _bMIL-C |
||
| 100 | _aMiller;Neil,R | ||
| 245 | 0 | _aClinical Neuro-Opthalmology | |
| 260 |
_bWilliom _aUSA _c1991 |
||
| 300 | _a1820 | ||
| 650 |
_aMedical _vOpthalmology |
||
| 942 | _cBK | ||
| 999 |
_c4566 _d4566 |
||